000 00640nam a2200277Ia 4500
005 20260324133412.0
008 008 260324s9999 xx 000 0 eng d
020 _a9780203465301
037 _aEBOOK
040 _aCRL
040 _beng
040 _cCRL
041 _2eng
041 _aeng
084 _qCRL
100 _aAndrew Goodwyn
_91174553
245 0 _aEnglish Teaching and the Moving Image
260 _bTaylor and Francis
260 _c2003
365 _a
365 _b240
856 _uhttp://www.taylorfrancis.com/books/9780203465301
942 _cEBOOK
999 _c1791950
_d1791950